| 000 | 00834nam0a22002651 4500 | ||
|---|---|---|---|
| 001 | rc\331691 | ||
| 005 | 20030307122619.3 | ||
| 010 |
_a5-277-00625-7 _92000 |
||
| 035 | _a(NLR Aleph) 005567056 | ||
| 090 |
_a5972228 _c5972228 |
||
| 100 | _a20030307d1989 u |0rusy50 ca | ||
| 101 | 0 | _arus | |
| 102 | _aRU | ||
| 105 | _aa ||||||||| | ||
| 200 | 1 |
_aСудовые гидравлические краны _eСправочник |
|
| 210 |
_aМ. _cТранспорт _d1989 |
||
| 215 |
_a240 с. _cил. _d17 |
||
| 320 | _aБиблиогр.: с. 239-240 (27 назв.) | ||
| 700 | 1 |
_aЕвдаев _bН. М. _gНоберт Михайлович |
|
| 701 | 1 |
_aКруткин _bА. В. _gАльфред Владимирович |
|
| 801 | 0 |
_aRU _bNLR _gpsbo |
|
| 801 | 1 |
_aRU _bELAR _2rusmarc |
|
| 852 |
_aNLR _j89-2/2233 |
||
| 942 | _cBOOK | ||
| 980 | _aNB | ||